000 00796nam a2200241 a 4500
001 40890
003 BD-RjUL
005 20211209053307.0
008 160511s1976 bg ||||| |||| 00| 0 ben d
020 _c: TK 15.00
035 _a(BD-RjUL)41006
040 _aBD-RjUL
_bben
_cBD-RjUL
041 _aben
082 _223
_a398
_bHAL 1976
100 _aহাফিজ, আবদুল
_9124257
245 1 0 _aলোককাহিনীর দিক-দিগন্ত /
_cআবদুল হাফিজ
250 _a২য় সং.
260 _aঢাকা :
_bমুক্তধারা,
_c১৯৭৬
300 _a২০৬ পৃ. ;
_c২১ সেমি.
650 _aফোক সাহিত্য
_9122187
650 _aFolk Literature
_9125863
942 _2ddc
_cBK
999 _c40890
_d40890